ბათუმის შოთა რუსთაველის სახელმწიფო უნივერსიტეტის ბიბლიოთეკა

The Complete Encyclopedia of Diy and Home maintenance (ბიბ.ჩანაწერი № 47401)

000 -LEADER
fixed length control field 00512nam a2200193Ia 4500
001 - CONTROL NUMBER
control field 14263
003 - CONTROL NUMBER IDENTIFIER
control field GE_BSU
008 - FIXED-LENGTH DATA ELEMENTS--GENERAL INFORMATION
fixed length control field 181216s||||||||xx |||||||||||||| ||und||
040 ## - CATALOGING SOURCE
Transcribing agency GE_BSU
080 ## - UNIVERSAL DECIMAL CLASSIFICATION NUMBER
Universal Decimal Classification number 646/649
245 #4 - TITLE STATEMENT
Title The Complete Encyclopedia of Diy and Home maintenance
245 ## - TITLE STATEMENT
Statement of responsibility, etc. Edited by by JULIAN WORTHINGTON.
260 ## - PUBLICATION, DISTRIBUTION, ETC.
Place of publication, distribution, etc. London
260 ## - PUBLICATION, DISTRIBUTION, ETC.
Name of publisher, distributor, etc. Book club Associates
260 ## - PUBLICATION, DISTRIBUTION, ETC.
Date of publication, distribution, etc. 1984
300 ## - PHYSICAL DESCRIPTION
Extent 240p.ill.29cm.
653 ## - INDEX TERM--UNCONTROLLED
Uncontrolled term The Complete Encyclopedia of Diy and Home maintenance
942 ## - ADDED ENTRY ELEMENTS (KOHA)
Koha item type წიგნი
ეგზემპლარები
Withdrawn status Lost status Damaged status Not for loan Date acquired Barcode Date last seen Price effective from Koha item type
        2018-12-17 37497 2018-12-17 2018-12-17 წიგნი